Estadísticas sociales : información cooperativa.

Gespeichert in:
Bibliographische Detailangaben
1. Verfasser: Pinedo Brige, Lucia (autor)
Weitere Verfasser: Pinango González de, Norma (autor) (autor)
Format: Buch
Sprache:Spanisch
Schlagworte:
Tags: Tag hinzufügen
Keine Tags, Fügen Sie das erste Tag hinzu!

MARC

LEADER 00000cam^a2200000uu^4500
001 000480808
005 20250521000000.0
008 050901s1983^^^^^^^^^^^^rc^r^^000^0^spa^d
009 20260310125009.819
035 |a FCE 000023828 
035 |a FCE 007707 
037 |a Acervo ITESO - Biblioteca 
041 |a spa 
082 0 4 |a 370.870212  |b PINe 
100 |a Pinedo Brige, Lucia  |e (autor) 
245 1 0 |a Estadísticas sociales :  |b información cooperativa. 
264 |a Caracas :  |b DMEPMD,  |c 1983. 
300 |a 335 p. 
336 |a texto  |b txt  |2 rdacontenido 
337 |a sin mediación  |b n  |2 rdamedio 
338 |a volumen  |b nc  |2 rdasoporte 
649 |a XX 
650 |a Estadísticas 
650 |a Población 
650 |a Salud 
650 |a Empleo 
650 |a Ocupación 
650 |a Política 
650 |a Sindicatos 
650 |a Educación 
650 |a Venezuela 
700 |a Pinango González de, Norma  |e (autor) 
910 |a Fondo Centro de Estudios Educativos 
920 |a Impresos - Libros 
930 |a Fondos Especiales 
905 |a 133 
901 |a ALE007707  |b IT2  |c CEE  |u 20250521 
902 |a https://opac.biblio.iteso.mx/vufind/Record/000480808